Cuentos para seguir creciendo : para los estudiantes que terminan la educación secundaria /
Guardado en:
| Autor Principal: | |
|---|---|
| Otros Autores: | , , , , , , , , , , , , , |
| Formato: | Libro |
| Publicado: |
Buenos Aires :
Ministerio de Educación,
2008
|
| Series: | Plan Nacional de Lectura
|
| Materias: | |
| Etiquetas: |
Agregar Etiqueta
Sin Etiquetas, Sea el primero en etiquetar este registro!
|
| LEADER | 02113nam a22004095a 4500 | ||
|---|---|---|---|
| 001 | CEM.cems020403 | ||
| 008 | 230901s2008##################000#0#####d | ||
| 005 | 20230901192349.0 | ||
| 245 | 0 | 0 | |a Cuentos para seguir creciendo : |b para los estudiantes que terminan la educación secundaria / |c Lilia Lardone y otros. |
| 260 | |a Buenos Aires : |b Ministerio de Educación, |c 2008 | ||
| 300 | |a 144 p. | ||
| 490 | 0 | |a Plan Nacional de Lectura | |
| 505 | 0 | |a El olor del cocodrilo / Lilia Lardone -- La piedra negra / Marcelo Birmajer -- Así en la tierra como en el cielo / Sandra Comino -- Vivir en el campo no cambiará las cosas (fragmento) / Sergio Aguirre -- Ultimo hombre / Eduardo Sacheri -- Luces y sombras / Orlando Van Bredam -- Matías, el pintor / Aberlardo Castillo -- Las figuritas de Federico / Guillermo Saccomanno -- El conjuro / Cristina Bajo -- La inspiración / Pablo De Santis -- Cartón pintado / Gabriela Bialet -- No me dejes partir viejo algarrobo / Atahualpa Yupanqui -- Marcela, a horario / Mercedes Perez Sabbi -- El gran Mongol / Mempo Giardinelli -- No te salves / Mario Benedetti -- Fiestita con animación / Ana María Shua | |
| 100 | 1 | |a Lardone, Lilia. | |
| 700 | 1 | |a Birmajer, Marcelo. | |
| 700 | 1 | |a Comino, Sandra. | |
| 700 | 1 | |a Aguirre, Sergio. | |
| 700 | 1 | |a Sacheri, Eduardo. | |
| 700 | 1 | |a Van Bredam, Orlando. | |
| 700 | 1 | |a Castillo, Aberlardo. | |
| 700 | 1 | |a Saccomanno, Guillermo. | |
| 700 | 1 | |a Bajo, Cristina. | |
| 700 | 1 | |a De Santis, Pablo. | |
| 700 | 1 | |a Bialet, Gabriela. | |
| 700 | 1 | |a Yupanqui, Atahualpa. | |
| 700 | 1 | |a Perez Sabbi, Mercedes. | |
| 700 | 1 | |a Giardinelli, Mempo. | |
| 700 | 1 | |a Benedetti, Mario. | |
| 653 | |a Literatura | ||
| 653 | |a Literatura latinoamericana | ||
| 653 | |a Cuentos | ||
| 653 | |a Antología-cuentos | ||
| 653 | |a Poesía | ||
| 859 | |a CEMS |b BIB. CEMS - 11 de abril |h 808.8 |i L322 |k IP |p 3759 |t Ej.1 | ||
| 859 | |a CEMS |b BIB. CEMS - Inicial y Primaria |h 808.8 |i L322 |k IP |p 3760 |t Ej.2 | ||
| 859 | |a CEMS |b BIB. CEMS - Inicial y Primaria |h 808.8 |i L322 |k IP |p 3761 |t Ej.3 | ||
| 859 | |a CEMS |b BIB. CEMS - Inicial y Primaria |h 808.8 |i L322 |k IP |p 3762 |t Ej.4 | ||
